[Event "DEN-ch G5-C"]
[Site "Helsingor"]
[Date "2013.03.31"]
[Round "4"]
[White "Andersen, Kirsten"]
[Black "Aalbaek, Kurt Frede Nissen"]
[Result "1-0"]
[WhiteElo "1497"]
[BlackElo "1413"]
[PlyCount "81"]
[EventDate "2013.03.28"]
[EventType "swiss"]
[EventRounds "5"]
[EventCountry "DEN"]
[SourceTitle "EXT 2023"]
[Source "ChessBase"]
[SourceDate "2022.10.05"]
[SourceVersion "1"]
[SourceVersionDate "2022.10.05"]
[SourceQuality "1"]

1. e4 e6 2. Nf3 c5 3. Nc3 a6 4. d4 Qc7 5. d5 d6 6. Be2 Be7 7. Be3 e5 8. a3 Nf6 9. Nd2 0-0 10. 0-0 b5 11. Na2 Bd7 12. b3 Be8 13. f3 Nbd7 14. c3 Nb6 15. Bf2 Nfd7 16. c4 Nf6 17. Be1 Nh5 18. g3 g6 19. Rf2 Bf6 20. Nf1 Ng7 21. Ba5 Qb7 22. Bd2 Nc8 23. Qc1 Bd8 24. Bh6 Ne7 25. f4 b4 26. a4 f5 27. fxe5 dxe5 28. Qd2 Qa7 29. Bd3 Rf7 30. Bc2 a5 31. Nc1 Bd7 32. Qe3 Nh5 33. Nd3 Rc8 34. Nd2 Nf6 35. h3 Bc7 36. Raf1 Nh5 37. Kg2 Ng7 38. Nf3 Bd8 39. Nfxe5 Rf6 40. Nf3 fxe4 41. Qxe4 1-0

[Event "DEN-ch G5-C"]
[Site "Helsingor"]
[Date "2013.03.30"]
[Round "3"]
[White "Aalbaek, Kurt Frede Nissen"]
[Black "Johansen, Jorgen"]
[Result "0-1"]
[WhiteElo "1413"]
[BlackElo "1272"]
[PlyCount "50"]
[EventDate "2013.03.28"]
[EventType "swiss"]
[EventRounds "5"]
[EventCountry "DEN"]
[SourceTitle "EXT 2023"]
[Source "ChessBase"]
[SourceDate "2022.10.05"]
[SourceVersion "1"]
[SourceVersionDate "2022.10.05"]
[SourceQuality "1"]

1. d4 d5 2. c4 c6 3. e3 Bf5 4. Nc3 Nf6 5. Bd3 Bxd3 6. Qxd3 e6 7. a3 Be7 8. f4 0-0 9. Nf3 Nbd7 10. 0-0 Rc8 11. h3 Nb6 12. b3 c5 13. a4 dxc4 14. bxc4 cxd4 15. Nb5 a6 16. Nbxd4 Nxc4 17. Bd2 Nxd2 18. Qxd2 Qd5 19. Rfd1 Ne4 20. Qb2 Nc5 21. a5 Qe4 22. Rab1 Qxe3+ 23. Kh2 Qxf4+ 24. g3 Qb8 25. Qg2 Ne4 0-1